The Norton anthology of American literature; T2

Salvato in:
Dettagli Bibliografici
Natura: Libro
Lingua:Undetermined
Pubblicazione: New York W.W. Norton and Co 1979
Soggetti:
Tags: Aggiungi Tag
Nessun Tag, puoi essere il primo ad aggiungerne! !
Thư viện lưu trữ: Trung tâm Học liệu Trường Đại học Cần Thơ
LEADER 00462nam a2200157Ia 4500
001 CTU_12862
008 210402s9999 xx 000 0 und d
082 |a 810.8 
082 |b N883/T2 
245 4 |a The Norton anthology of American literature; T2 
260 |a New York 
260 |b W.W. Norton and Co 
260 |c 1979 
650 |a american literature 
904 |i Nguyễn Quang Điền, 961120 
980 |a Trung tâm Học liệu Trường Đại học Cần Thơ